Statistics for Guess The Logo

Click here to take the quiz!

General Stats

  • This quiz has been taken 81 times
  • The average score is 7 of 11

Answer Stats

Answer% Correct
JetPunk
91%
Google Chrome/Chrome
90%
Google Maps
85%
Wikipedia
85%
iTunes
79%
Skype
79%
Google Classroom
57%
Steam
44%
Tumblr
26%
Hangout
22%
Squarespace
12%

Score Distribution

Percentile by Number Answered

Percent of People with Each Score

Your Score History

You have not taken this quiz